| 000 | 00502nam a2200169 i 4500 | ||
|---|---|---|---|
| 001 | 89476 | ||
| 003 | ES-MaACL | ||
| 005 | 20250712063124.0 | ||
| 007 | t| | ||
| 008 | 050111s1912 fr ||||1| fre d | ||
| 100 | 1 |
_aLanson, Gustave, _d1857-1934 _970098 |
|
| 245 | 1 | 0 |
_aTrois mois d'enseignement aux Etats Unis / _cGustave Lanson. |
| 260 |
_aParĂs : _b[s.n., _c1912] ( _eEvreux : _fCh. Herissey) |
||
| 300 |
_aVII, 298 p. ; _c19 cm. |
||
| 852 |
_aES-MaACL _jF-4183 |
||
| 999 |
_c89476 _d89476 |
||